MARC

LEADER 00000nam0a2200000 4500
001 157670
005 20231031153950.0
035 |a (RuTPU)RU\TPU\book\171026 
090 |a 157670 
100 |a 20090410d1966 m y0rusy50 ca 
101 0 |a rus 
102 |a RU 
105 |a a z 001zy 
200 1 |a Технология изготовления теплообменной кожухотрубчатой аппаратуры  |f Ю. И. Берлинер  |g Центральный институт научно-технической информации и технико-экономических исследований по химическому и нефтяному машиностроению (ЦИНТИХИМНЕФТЕМАШ) 
210 |a Москва  |c [Б. и.]  |d 1966 
215 |a 60 с.  |c ил. 
225 1 |a Отраслевая технология машиностроения 
320 |a Библиогр.: с. 59. 
610 1 |a технология 
610 1 |a изготовление 
610 1 |a теплообменная аппаратура 
610 1 |a кожухотрубные аппараты 
610 1 |a производство 
610 1 |a заготовительные операции 
610 1 |a поточные линии 
675 |a 660.4  |v 3 
700 1 |a Берлинер  |b Ю. И.  |g Юрий Иосифович 
712 0 2 |a Центральный институт научно-технической информации и технико-экономических исследований по химическому и нефтяному машиностроению (ЦИНТИХИМНЕФТЕМАШ)  |2 stltpush  |3 (RuTPU)RU\TPU\col\10810 
801 1 |a RU  |b 63413507  |c 20090410  |g PSBO 
801 2 |a RU  |b 63413507  |c 20190620  |g PSBO 
942 |c BK